00295nam a2200109Ia 4500008004000000082001700040100002600057245003300083260003900116300000900155650002100164210210b1978 xxu||||| |||| 00| 0 eng d a821.008 UNIA aUNIVERSITY OF MYSORE. aAnthology of english poetry. aMysorebUniversity of Mysorec1978 ax,88 aAnthology Poetry